Furtuna; (Record no. 34002)

MARC details
000 -LEADER
fixed length control field 00570cam a22002171 4500
001 - CONTROL NUMBER
control field he 68003867
003 - CONTROL NUMBER IDENTIFIER
control field DLC
005 - DATE AND TIME OF LATEST TRANSACTION
control field 20260227111507.0
008 - FIXED-LENGTH DATA ELEMENTS--GENERAL INFORMATION
fixed length control field 760305s1966 xx 000 0 rom
010 ## - LIBRARY OF CONGRESS CONTROL NUMBER
LC control number he 68003867
035 ## - SYSTEM CONTROL NUMBER
System control number (OCoLC)2032618
040 ## - CATALOGING SOURCE
Original cataloging agency DLC
Transcribing agency OCH
Modifying agency OrPS
-- DLC
042 ## - AUTHENTICATION CODE
Authentication code premarc
050 00 - LIBRARY OF CONGRESS CALL NUMBER
Classification number PC840.13.O35
Item number F8
100 1# - MAIN ENTRY--PERSONAL NAME
Personal name Cohn, Filip.
245 10 - TITLE STATEMENT
Title Furtuna;
Remainder of title roman.
260 ## - PUBLICATION, DISTRIBUTION, ETC.
Place of publication, distribution, etc. Tel-Aviv,
Name of publisher, distributor, etc. V. Montaureanu,
Date of publication, distribution, etc. 1966.
300 ## - PHYSICAL DESCRIPTION
Extent 224 p.
Dimensions 17 cm.
490 0# - SERIES STATEMENT
Series statement Biblioteca "Cultura,"
Volume/sequential designation no. 9
500 ## - GENERAL NOTE
General note Continued by the author's Ancheta.

No items available.

Powered by Koha